Quick Pick: Multiple Leading Actor Oscars Quiz Stats

 Plays Quiz Updated Mar 10, 2018

Challenge
Share
Tweet
Embed
Score 0/9 Timer 01:30
0 Plays Today
% Correct
Daniel Day-Lewis
91.1%
Tom Hanks
87.4%
Jack Nicholson
85.9%
Marlon Brando
81.3%
Dustin Hoffman
76.7%
Sean Penn
65.4%
Spencer Tracy
58.5%
Gary Cooper
43.9%
Fredric March
31.8%

Today's Daily Dose

You're not logged in!

Compare scores with friends on all Sporcle quizzes.
OR
Log In

You Might Also Like...

Show Comments

Extras

Top Quizzes Today


Score Distribution

Your Account Isn't Verified!

In order to create a playlist on Sporcle, you need to verify the email address you used during registration. Go to your Sporcle Settings to finish the process.

Report this User

Report this user for behavior that violates our Community Guidelines.

Details: